Statistics for Most Popular Baby Girl Names 1915-2014

Click here to take the quiz!

General Stats

  • This quiz has been taken 1,968 times
  • The average score is 52 of 99

Answer Stats

Answer% Correct
Ann
91%
Elizabeth
89%
Sara
83%
Sarah
82%
Emma
81%
Jennifer
81%
Emily
78%
Jane
77%
Jessica
77%
Anna
76%
Olivia
75%
Hannah
73%
Victoria
73%
Rachel
72%
Carol
71%
Laura
71%
Margaret
71%
Maria
71%
Susan
70%
Christine
68%
Lisa
68%
Rose
68%
Joan
67%
Grace
66%
Patricia
66%
Amy
65%
Linda
65%
Amanda
64%
Julie
64%
Rebecca
64%
Samantha
64%
Julia
62%
Barbara
61%
Helen
61%
Alice
60%
Lauren
60%
Michelle
60%
Catherine
59%
Karen
59%
Marie
59%
Carolyn
58%
Evelyn
57%
Deborah
55%
Katherine
55%
Nicole
55%
Ashley
54%
Kathryn
54%
Melissa
53%
Sandra
53%
Kimberly
52%
Nancy
52%
Ruth
52%
Stephanie
52%
Frances
51%
Janet
51%
Jean
50%
Diane
48%
Kelly
48%
Megan
48%
Donna
47%
Dorothy
47%
Sharon
47%
Angela
46%
Danielle
46%
Diana
46%
Heather
45%
Pamela
45%
Teresa
45%
Theresa
45%
Betty
43%
Judith
42%
Brenda
41%
Christina
41%
Madison
39%
Amber
37%
Kathleen
37%
Andrea
36%
Brittany
35%
Doris
35%
Debra
34%
Kayla
34%
Martha
33%
Jacqueline
32%
Judy
31%
Kathy
31%
Cynthia
29%
Tiffany
29%
Joyce
28%
Shirley
28%
Cheryl
27%
Tammy
26%
Denise
25%
Janice
25%
Virginia
24%
Lori
23%
Gloria
20%
Marilyn
19%
Mildred
19%
Beverly
12%

Score Distribution

Percentile by Number Answered

Percent of People with Each Score

Your Score History

You have not taken this quiz